Structural surveys of dwelling houses. Second edition enlarged to include structural surveys of flats and new dwellings, with a chapter on the legal position of the surveyor by Anthony Boswood (Record no. 86104)

MARC details
000 -LEADER
fixed length control field 00704cam a2200217 4500
001 - CONTROL NUMBER
control field D7064
008 - FIXED-LENGTH DATA ELEMENTS--GENERAL INFORMATION
fixed length control field 090401t1974 xxu||||| |||| 00| 0 eng d
035 ## - SYSTEM CONTROL NUMBER
System control number (Sirsi) u5009
041 ## - LANGUAGE CODE
Language code of text/sound track or separate title eng
050 ## - LIBRARY OF CONGRESS CALL NUMBER
Classification number 690.2
100 ## - MAIN ENTRY--PERSONAL NAME
Personal name Melville, Ian A.
245 ## - TITLE STATEMENT
Title Structural surveys of dwelling houses. Second edition enlarged to include structural surveys of flats and new dwellings, with a chapter on the legal position of the surveyor by Anthony Boswood
250 ## - EDITION STATEMENT
Edition statement 2nd ed.
260 ## - PUBLICATION, DISTRIBUTION, ETC.
Place of publication, distribution, etc. London
Name of publisher, distributor, etc. The Estates Gazette
Date of publication, distribution, etc. 1974
300 ## - PHYSICAL DESCRIPTION
Extent xiv. 426p. illus. 23cm
350 ## - PRICE (NR) (BK AM CF MU VM SE) [OBSOLETE]
Price 4.75
520 ## - SUMMARY, ETC.
Summary, etc. Described as second enlarged edition.
700 ## - ADDED ENTRY--PERSONAL NAME
Personal name Gordon, Ian A.
942 ## - ADDED ENTRY ELEMENTS (KOHA)
Suppress in OPAC 0
948 ## - LOCAL PROCESSING INFORMATION (OCLC); SERIES PART DESIGNATOR (RLIN)
c (OCLC) 04/03/1997
Holdings
Withdrawn status Lost status Source of classification or shelving scheme Damaged status Not for loan Home library Current library Shelving location Date acquired Cost, normal purchase price Total Checkouts Full call number Barcode Date last seen Copy number Cost, replacement price Price effective from Koha item type
    Dewey Decimal Classification     London London Basement 14/09/1999 4.75   SHELF 307 30008244 06/08/2019 1 4.75 06/08/2019 Book